=LDR 00000nam 2200000 4500 =001 000175 =020 $9786239875268 =082 $153.800 =100 $Sabrina Osaka =245 $Berhenti mencemaskan hidupmu =264 $Temanggung: Teman Baik 2024 =300 $iii, 102 halaman; 20 cm. =650 $Psikologi =905 $153.8 SAB b =336 $$a =337 $$a =338 $$a =005 20260702151432.0 =008 260702s2026\\\\\\\\\\\\\\\\\\\\\\\\\\\\\\\\\\\\\\\\\